[Event "Lloyds Bank Masters 18th"]
[Site "London"]
[Date "1994.08.26"]
[Round "7"]
[White "Corkett, Anthony"]
[Black "Howell, James C"]
[Result "0-1"]
[WhiteElo "2295"]
[BlackElo "2505"]
[PlyCount "78"]
[EventDate "1994.08.20"]
[EventType "swiss"]
[EventRounds "10"]
[EventCountry "ENG"]
[SourceTitle "BritBase"]

1. e4 c5 2. Nc3 Nc6 3. g3 g6 4. Bg2 Bg7 5. f4 d6 6. Nf3 e6 7. O-O Nge7 8. d3
O-O 9. Be3 Nd4 10. Qd2 Qa5 11. g4 f5 12. gxf5 exf5 13. Nd5 Nxf3+ 14. Bxf3 Qd8
15. Nxe7+ Qxe7 16. c3 Be6 17. Bg2 Rae8 18. b3 b6 19. Rac1 Kh8 20. Bf2 Qd7 21.
Kh1 fxe4 22. dxe4 Bh3 23. Bg3 Bxg2+ 24. Qxg2 Rf7 25. c4 Bd4 26. Rce1 Ref8 27.
h3 a6 28. a4 b5 29. axb5 axb5 30. Bh2 b4 31. Rd1 Qe7 32. Rfe1 Re8 33. Bg3 Qb7
34. f5 Qc6 35. fxg6 hxg6 36. Re2 Kg7 37. Rf1 Rxf1+ 38. Qxf1 Re6 39. Qg2 Qa8 {
time} 0-1

[Event "Lloyds Bank Masters 18th"]
[Site "London"]
[Date "1994.08.26"]
[Round "7"]
[White "Davies, Nigel R"]
[Black "Mithrakanth, Poorna Sharma"]
[Result "1/2-1/2"]
[WhiteElo "2510"]
[BlackElo "2460"]
[PlyCount "33"]
[EventDate "1994.08.20"]
[EventType "swiss"]
[EventRounds "10"]
[EventCountry "ENG"]
[SourceTitle "BritBase"]

1. d4 Nf6 2. Nf3 e6 3. g3 d5 4. Bg2 c5 5. O-O Nc6 6. b3 cxd4 7. Nxd4 Nxd4 8.
Qxd4 Qc7 9. Bf4 Qc5 10. Qd3 Bd7 11. c4 Bc6 12. Be3 dxc4 13. bxc4 Qh5 14. Bxc6+
bxc6 15. Nd2 Rd8 16. Qb3 Bc5 17. Nf3 1/2-1/2

[Event "Lloyds Bank Masters 18th"]
[Site "London"]
[Date "1994.08.26"]
[Round "7"]
[White "De la Villa Garcia, Jesus Maria"]
[Black "Martin, Benjamin"]
[Result "1-0"]
[WhiteElo "2490"]
[BlackElo "2355"]
[PlyCount "77"]
[EventDate "1994.08.20"]
[EventType "swiss"]
[EventRounds "10"]
[EventCountry "ENG"]
[SourceTitle "BritBase"]

1. e4 e6 2. d4 d5 3. Nc3 Bb4 4. e5 c5 5. Bd2 Ne7 6. dxc5 O-O 7. Qg4 Nbc6 8.
O-O-O Ng6 9. f4 b6 10. h4 bxc5 11. h5 Nge7 12. Rh3 Qb6 13. h6 g6 14. Qg5 f6 15.
exf6 Nf5 16. Bd3 Rb8 17. b3 c4 18. Bxf5 exf5 19. Nxd5 Ba3+ 20. Kb1 Qd4 21. Nc3
cxb3 22. axb3 Be6 23. Bc1 Qc5 24. Nge2 Rf7 25. Na2 Bxc1 26. Nexc1 a5 27. Rc3
Qb5 28. Rd6 Bd7 29. Qg3 Nb4 30. Qf2 Nxa2 31. Nxa2 a4 32. g3 Re8 33. Qc5 axb3
34. cxb3 Qb7 35. Qd5 Qa7 36. Rd3 Re1+ 37. Nc1 Be8 38. Re6 Qg1 39. Rd1 1-0

[Event "Lloyds Bank Masters 18th"]
[Site "London"]
[Date "1994.08.26"]
[Round "7"]
[White "Frias Pablaza, Victor J"]
[Black "Thiel, Thomas"]
[Result "1/2-1/2"]
[WhiteElo "2480"]
[BlackElo "2320"]
[PlyCount "102"]
[EventDate "1994.08.20"]
[EventType "swiss"]
[EventRounds "10"]
[EventCountry "ENG"]
[SourceTitle "BritBase"]

1. d4 Nf6 2. Nf3 g6 3. g3 Bg7 4. Bg2 O-O 5. O-O d5 6. c4 dxc4 7. Qc2 Bf5 8.
Qxc4 Nbd7 9. Qb3 c5 10. Nc3 Qb6 11. Qxb6 axb6 12. dxc5 Nxc5 13. Nd4 Nfe4 14.
Nxf5 gxf5 15. Nxe4 Nxe4 16. g4 Nd6 17. gxf5 Nxf5 18. Bxb7 Ra7 19. Be4 Nd4 20.
Bd3 Nb3 21. Rb1 Nxc1 22. Rfxc1 Rxa2 23. b4 Bd4 24. Rc6 Rb8 25. Rh6 Rb2 26. Rxb2
Bxb2 27. b5 e6 28. Rxh7 Rd8 29. Rh5 Kg7 30. Rg5+ Kf6 31. Rg4 Rd4 32. Rg8 Rd5
33. h4 Rd4 34. Rb8 Rg4+ 35. Kf1 Bd4 36. e3 Bc5 37. h5 Rh4 38. Be2 Rh1+ 39. Kg2
Rh2+ 40. Kf1 Rh1+ 41. Kg2 Rh2+ 42. Kxh2 Bd6+ 43. Kg2 Bxb8 44. Kf3 Bd6 45. Ke4
Bf8 46. f4 Bh6 47. Kf3 Ke7 48. e4 e5 49. fxe5 Ke6 50. Bc4+ Kxe5 51. Bxf7 Bc1
1/2-1/2

[Event "Lloyds Bank Masters 18th"]
[Site "London"]
[Date "1994.08.26"]
[Round "7"]
[White "Gual Pascual, Antonio"]
[Black "Griffiths, Paul V"]
[Result "1-0"]
[WhiteElo "2395"]
[BlackElo "2245"]
[PlyCount "109"]
[EventDate "1994.08.20"]
[EventType "swiss"]
[EventRounds "10"]
[EventCountry "ENG"]
[SourceTitle "BritBase"]

1. d4 Nf6 2. c4 e6 3. Nc3 Bb4 4. e3 b6 5. Nge2 d5 6. Qa4+ Nc6 7. Qxc6+ Bd7 8.
Qb7 a5 9. cxd5 exd5 10. Bd2 c6 11. Nf4 Rb8 12. Qa6 b5 13. a3 Bxc3 14. Bxc3 Ra8
15. Bxa5 Qxa5+ 16. Qxa5 Rxa5 17. Nd3 Ke7 18. Be2 Kd6 19. O-O Ne4 20. Rfd1 Kc7
21. Rac1 Nd6 22. Nb4 Kb6 23. Rd2 Nc4 24. Rdc2 Rc8 25. e4 dxe4 26. Bxc4 bxc4 27.
Rxc4 f5 28. h4 f4 29. d5 c5 30. Na2 Re8 31. Nc3 e3 32. Rxf4 e2 33. Re1 Rb5 34.
Nxb5 Bxb5 35. f3 Re5 36. Kf2 Rxd5 37. Rxe2 Bxe2 38. Kxe2 Rd7 39. Rc4 Kb5 40. b3
Ra7 41. a4+ Kc6 42. Kd2 Kd5 43. Kc3 Rf7 44. Rg4 g6 45. b4 cxb4+ 46. Kxb4 Rb7+
47. Ka5 Kc5 48. Rg5+ Kc6 49. f4 Rb2 50. g4 Rd2 51. h5 Rd6 52. Rb5 Rd4 53. hxg6
hxg6 54. Rb4 Rd8 55. Rc4+ 1-0

[Event "Lloyds Bank Masters 18th"]
[Site "London"]
[Date "1994.08.26"]
[Round "7"]
[White "Gufeld, Eduard"]
[Black "Williams, Simon Kim"]
[Result "1-0"]
[WhiteElo "2440"]
[BlackElo "2185"]
[PlyCount "99"]
[EventDate "1994.08.20"]
[EventType "swiss"]
[EventRounds "10"]
[EventCountry "ENG"]
[SourceTitle "BritBase"]

1. e4 e6 2. d4 d5 3. Nd2 Nf6 4. e5 Nfd7 5. Bd3 c5 6. c3 Nc6 7. Ne2 cxd4 8. cxd4
f6 9. exf6 Qxf6 10. Nf3 Bb4+ 11. Bd2 Bxd2+ 12. Qxd2 O-O 13. O-O e5 14. dxe5
Ndxe5 15. Nxe5 Nxe5 16. Bc2 Be6 17. Nd4 Bf7 18. Rad1 Rac8 19. Bf5 Rc4 20. Bb1
Nc6 21. Nxc6 bxc6 22. Rc1 Rxc1 23. Rxc1 Rb8 24. b3 Qd6 25. g3 g6 26. Qd4 Rb7
27. h4 h5 28. Bd3 Kh7 29. Rc5 Qe6 30. Bf1 Re7 31. b4 Be8 32. Ra5 Qf7 33. Ra3
Rc7 34. Re3 a5 35. Qb6 Rd7 36. Qb8 Re7 37. bxa5 Rxe3 38. fxe3 c5 39. a6 Bc6 40.
a7 Qb7 41. Kf2 Qf7+ 42. Ke1 Qe7 43. Be2 Qxe3 44. Qc7+ Kh6 45. Qxc6 Qg1+ 46. Kd2
Qd4+ 47. Kc2 Qe4+ 48. Bd3 Qg2+ 49. Kb3 c4+ 50. Ka3 1-0

[Event "Lloyds Bank Masters 18th"]
[Site "London"]
[Date "1994.08.26"]
[Round "7"]
[White "Gunawan, Ronny"]
[Black "Chandler, Murray G"]
[Result "1/2-1/2"]
[WhiteElo "2420"]
[BlackElo "2545"]
[PlyCount "151"]
[EventDate "1994.08.20"]
[EventType "swiss"]
[EventRounds "10"]
[EventCountry "ENG"]
[SourceTitle "BritBase"]

1. d4 f5 2. g3 Nf6 3. Bg2 e6 4. c4 c6 5. Nh3 d5 6. Qc2 Bd6 7. O-O O-O 8. Bf4
Be7 9. Bxb8 Rxb8 10. Nd2 Ne4 11. Nf3 dxc4 12. Rfd1 b5 13. Ne5 Bb7 14. Bxe4 fxe4
15. Qxe4 Qd6 16. Qg4 Bf6 17. Ng5 Bxg5 18. Qxg5 Rf5 19. Qe3 Qd5 20. f3 c5 21.
Ng4 Qc6 22. dxc5 Qxc5 23. Rd7 h5 24. Qxc5 Rxc5 25. Ne3 a5 26. Rad1 b4 27. R1d6
Bc8 28. Rd8+ Kf7 29. Rd1 c3 30. b3 Rb7 31. Kf2 Rbc7 32. Nc2 Ke7 33. Rg8 Kf7 34.
Rgd8 Ke7 35. Rg8 Kf6 36. e4 e5 37. Ke3 Be6 38. Ra8 g5 39. Rd6 Ke7 40. Rda6 Rd7
41. Rxa5 Rcc7 42. Rxe5 Kf6 43. Raa5 Rd2 44. Nxb4 Rxh2 45. Rxg5 c2 46. Nxc2
Rcxc2 47. Rxh5 Rxh5 48. Rxh5 Rxa2 49. b4 Rb2 50. Rb5 Rb3+ 51. Kf4 Bc4 52. e5+
Ke7 53. Rb7+ Kd8 54. Rb8+ Kc7 55. Rf8 Be2 56. Ke4 Rxb4+ 57. Ke3 Bd1 58. g4 Kd7
59. Rf6 Ke7 60. g5 Rb5 61. Kf2 Rb8 62. Rd6 Bb3 63. Kg3 Be6 64. Ra6 Rb5 65. Ra7+
Kf8 66. f4 Rb3+ 67. Kf2 Rb2+ 68. Ke3 Rb3+ 69. Kd4 Rb4+ 70. Ke3 Rb3+ 71. Kd4
Rb4+ 72. Kc5 Rxf4 73. Kd6 Bb3 74. e6 Rd4+ 75. Ke5 Rd1 76. Rf7+ 1/2-1/2

[Event "Lloyds Bank Masters 18th"]
[Site "London"]
[Date "1994.08.26"]
[Round "7"]
[White "Hastings, Jonathan J"]
[Black "Law, Andrew P"]
[Result "0-1"]
[WhiteElo "2215"]
[BlackElo "2375"]
[PlyCount "30"]
[EventDate "1994.08.20"]
[EventType "swiss"]
[EventRounds "10"]
[EventCountry "ENG"]
[SourceTitle "BritBase"]

1. e4 e5 2. Nc3 Nf6 3. Bc4 Nc6 4. f4 Nxe4 5. Nf3 Nd6 6. Bb3 e4 7. Ne5 Be7 8.
O-O Nd4 9. Bd5 c6 10. Bxe4 Nxe4 11. Nxe4 d6 12. Nd3 h5 13. Nef2 Qb6 14. c3 Bg4
15. Nxg4 Ne2+ 0-1

[Event "Lloyds Bank Masters 18th"]
[Site "London"]
[Date "1994.08.26"]
[Round "7"]
[White "Hunt, Harriet"]
[Black "Crouch, Colin S"]
[Result "1/2-1/2"]
[WhiteElo "2225"]
[BlackElo "2395"]
[PlyCount "57"]
[EventDate "1994.08.20"]
[EventType "swiss"]
[EventRounds "10"]
[EventCountry "ENG"]
[SourceTitle "BritBase"]

1. e4 c5 2. Nf3 Nc6 3. d4 cxd4 4. Nxd4 g6 5. c4 Bg7 6. Be3 Nf6 7. Nc3 O-O 8.
Be2 b6 9. f4 Bb7 10. O-O d6 11. Nxc6 Bxc6 12. Bf3 Rc8 13. Rc1 e6 14. Qd3 Qe7
15. Rfd1 Rfd8 16. Nb5 Bxb5 17. cxb5 Rxc1 18. Rxc1 e5 19. Rc6 d5 20. fxe5 Nxe4
21. Bxe4 dxe4 22. Qxe4 Bxe5 23. g3 f6 24. a4 Qd7 25. Rc2 Qh3 26. Rd2 Rxd2 27.
Bxd2 Qd7 28. Bc3 Bxc3 29. bxc3 1/2-1/2

[Event "Lloyds Bank Masters 18th"]
[Site "London"]
[Date "1994.08.26"]
[Round "7"]
[White "Karayiannis, Costas"]
[Black "Saunders, John C"]
[Result "0-1"]
[WhiteElo "2080"]
[BlackElo "2225"]
[PlyCount "56"]
[EventDate "1994.08.20"]
[EventType "swiss"]
[EventRounds "10"]
[EventCountry "ENG"]
[SourceTitle "BritBase"]

1. d4 Nf6 2. Nf3 g6 3. c4 Bg7 4. Nc3 d6 5. e4 O-O 6. Be2 e5 7. O-O Nc6 8. d5
Ne7 9. b4 Nd7 10. Nd2 f5 11. Ba3 Nf6 12. f3 f4 13. c5 g5 14. cxd6 cxd6 15. Nc4
Ne8 16. b5 Ng6 17. Qa4 Rf7 18. Rac1 h5 19. b6 a6 20. Qb4 Bf8 21. Na5 g4 22. Nc6
Qh4 23. Na7 g3 24. h3 Bxh3 25. gxh3 Qxh3 26. Rf2 gxf2+ 27. Kxf2 Qg3+ 28. Kf1
Nh4 0-1

[Event "Lloyds Bank Masters 18th"]
[Site "London"]
[Date "1994.08.26"]
[Round "7"]
[White "Lane, Gary William"]
[Black "Sadler, Matthew D"]
[Result "1/2-1/2"]
[WhiteElo "2440"]
[BlackElo "2560"]
[PlyCount "88"]
[EventDate "1994.08.20"]
[EventType "swiss"]
[EventRounds "10"]
[EventCountry "ENG"]
[SourceTitle "BritBase"]

1. e4 e5 2. Bc4 Nf6 3. d3 c6 4. Nf3 d5 5. Bb3 a5 6. a3 a4 7. Ba2 Bd6 8. Nc3
dxe4 9. dxe4 Qe7 10. O-O Be6 11. Nh4 g6 12. h3 Bxa2 13. Rxa2 Nbd7 14. Ra1 Nc5
15. Re1 O-O 16. Bg5 Kg7 17. Qc1 Rfd8 18. f4 Ne6 19. fxe5 Bxe5 20. Bh6+ Kg8 21.
Nf3 Bxc3 22. bxc3 Qc5+ 23. Be3 Qxc3 24. Bb6 Re8 25. Bf2 Nh5 26. Rb1 b5 27. e5
Nhf4 28. Kh2 Nd5 29. Re4 Rab8 30. Rh4 h5 31. Re4 Kg7 32. Be1 Qc5 33. c4 bxc4
34. Rxb8 Rxb8 35. Rxc4 Qe3 36. Bd2 Qe2 37. Rxc6 Rb3 38. Bh6+ Kh7 39. Ng5+ Nxg5
40. Qxg5 Ne3 41. Bf8 Nf5 42. Qf6 Rxh3+ 43. Kxh3 Qg4+ 44. Kh2 Qg3+ 1/2-1/2

[Event "Lloyds Bank Masters 18th"]
[Site "London"]
[Date "1994.08.26"]
[Round "7"]
[White "Lejlic, Samir"]
[Black "Norwood, David"]
[Result "0-1"]
[WhiteElo "2420"]
[BlackElo "2545"]
[PlyCount "90"]
[EventDate "1994.08.20"]
[EventType "swiss"]
[EventRounds "10"]
[EventCountry "ENG"]
[SourceTitle "BritBase"]

1. e4 g6 2. Nc3 c6 3. d4 d6 4. Be3 Bg7 5. Nge2 b5 6. Qd2 Nd7 7. h4 h5 8. f3 Nb6
9. b3 Nf6 10. Ng3 Qc7 11. Bd3 a6 12. a4 b4 13. Nce2 c5 14. Rc1 c4 15. a5 Nbd5
16. bxc4 Nxe3 17. Qxe3 Qxa5 18. e5 Bh6 19. f4 dxe5 20. dxe5 Ng4 21. Qf3 b3+ 22.
c3 Rb8 23. Rb1 O-O 24. Qd5 Qd8 25. Ne4 Ne3 26. Qd4 Nxg2+ 27. Kf2 Nxf4 28. Nxf4
Bxf4 29. Nc5 Bh6 30. Rhg1 Bg4 31. Nxa6 Ra8 32. Nb4 e6 33. Qxd8 Rfxd8 34. Rxb3
Bf4 35. Re1 Ra5 36. Re4 Bh6 37. Nc6 Ra2+ 38. Be2 Rdd2 39. Rb8+ Kg7 40. Nd4 Bf5
41. Re3 Bd3 42. c5 Bxe3+ 43. Kxe3 Bxe2 44. Rb7 Rd3+ 45. Ke4 Ra4 0-1

[Event "Lloyds Bank Masters 18th"]
[Site "London"]
[Date "1994.08.26"]
[Round "7"]
[White "Levitt, Jonathan"]
[Black "Wood, David A"]
[Result "1-0"]
[WhiteElo "2425"]
[BlackElo "2295"]
[PlyCount "107"]
[EventDate "1994.08.20"]
[EventType "swiss"]
[EventRounds "10"]
[EventCountry "ENG"]
[SourceTitle "BritBase"]

1. d4 Nf6 2. c4 g6 3. Nc3 Bg7 4. e4 d6 5. f3 O-O 6. Be3 Nc6 7. Nge2 a6 8. Qd2
Rb8 9. h4 b5 10. h5 Na5 11. Ng3 c6 12. O-O-O bxc4 13. Bh6 Bxh6 14. Qxh6 Qb6 15.
Rd2 g5 16. Qxg5+ Kh8 17. Qf4 Be6 18. Nf5 Bxf5 19. Qxf5 d5 20. Qe5 Qd8 21. h6
Qd6 22. Qf5 Qg3 23. Kd1 Rbd8 24. Qe5 Qxe5 25. dxe5 Nd7 26. exd5 Nxe5 27. Rh5 f6
28. f4 Ng4 29. d6 e5 30. Be2 Ne3+ 31. Kc1 Nxg2 32. fxe5 fxe5 33. Rxe5 Nb7 34.
d7 Nf4 35. Bxc4 Ng6 36. Rg5 Rf6 37. Ne4 Rf4 38. Bxa6 Rxe4 39. Bxb7 Ne5 40. Rf5
Kg8 41. b3 Re3 42. a4 Nd3+ 43. Kc2 Nb4+ 44. Kb2 Nd3+ 45. Ka3 Nc1 46. Rg2+ Kh8
47. Rb2 Rb8 48. a5 Rd3 49. Bxc6 Nxb3 50. d8=Q+ Rbxd8 51. Rxb3 R3d6 52. Rd5 Rxd5
53. Bxd5 Rc8 54. Bb7 1-0

[Event "Lloyds Bank Masters 18th"]
[Site "London"]
[Date "1994.08.26"]
[Round "7"]
[White "Lewis, Andrew P"]
[Black "Smith, Andrew Philip"]
[Result "1-0"]
[WhiteElo "2300"]
[BlackElo "2310"]
[PlyCount "77"]
[EventDate "1994.08.20"]
[EventType "swiss"]
[EventRounds "10"]
[EventCountry "ENG"]
[SourceTitle "BritBase"]

1. c4 e5 2. g3 h5 3. Nc3 h4 4. g4 h3 5. Nf3 Nc6 6. e3 Bb4 7. Rg1 Bxc3 8. dxc3
d6 9. e4 Be6 10. Ng5 Qd7 11. Rg3 Nf6 12. f3 Ke7 13. b3 Raf8 14. Kf2 Kd8 15. Kg1
Ne8 16. Be3 g6 17. Qd3 f6 18. Nxe6+ Qxe6 19. Qd5 Qd7 20. Rxh3 Rxh3 21. Bxh3 Rh8
22. Bg2 f5 23. h3 Kc8 24. Rf1 Ng7 25. Qd3 Qe7 26. b4 Nd8 27. c5 Kb8 28. Rd1 Nf7
29. Qb5 dxc5 30. Qxc5 Qxc5 31. bxc5 f4 32. Bf2 Rd8 33. Rxd8+ Nxd8 34. Bh4 Nc6
35. Bf6 Ne6 36. h4 Nxc5 37. h5 gxh5 38. gxh5 Nd7 39. Bg7 1-0

[Event "Lloyds Bank Masters 18th"]
[Site "London"]
[Date "1994.08.26"]
[Round "7"]
[White "Mah, Karl"]
[Black "Sakhatova, Elvira->Berend"]
[Result "0-1"]
[WhiteElo "2175"]
[BlackElo "2300"]
[PlyCount "116"]
[EventDate "1994.08.20"]
[EventType "swiss"]
[EventRounds "10"]
[EventCountry "ENG"]
[SourceTitle "BritBase"]

1. e4 c5 2. Nf3 g6 3. d4 Bg7 4. c4 Qa5+ 5. Bd2 Qb6 6. Bc3 Nc6 7. d5 Nd4 8. e5
Nxf3+ 9. Qxf3 Nh6 10. e6 O-O 11. Bxg7 Kxg7 12. Qc3+ f6 13. exd7 Bxd7 14. Bd3 e5
15. O-O Rfe8 16. Nd2 f5 17. f4 Qf6 18. fxe5 Qxe5 19. Qxe5+ Rxe5 20. Rae1 Rxe1
21. Rxe1 Re8 22. Rxe8 Bxe8 23. h3 Kf6 24. Kf2 Nf7 25. Nf3 Nd6 26. Ke3 g5 27. h4
h6 28. hxg5+ hxg5 29. g3 Bh5 30. Ne1 Ke5 31. Nc2 Bd1 32. b3 Bxc2 33. Bxc2 b5
34. Bd3 b4 35. Bc2 a5 36. Bd3 Nc8 37. Bc2 Nb6 38. Bd3 a4 39. bxa4 Nxa4 40. Bc2
Nc3 41. Bb3 Ne4 42. g4 f4+ 43. Kf3 Nd6 44. Ke2 Kd4 45. Kf2 Nf7 46. Ke2 Kc3 47.
Kf3 Kd3 48. Kf2 Ne5 49. d6 Nxg4+ 50. Kg2 Ne5 51. Ba4 Ke2 52. d7 f3+ 53. Kg3
Nxd7 54. Bxd7 f2 55. Bh3 f1=Q 56. Bxf1+ Kxf1 57. Kf3 Ke1 58. Ke4 g4 0-1

[Event "Lloyds Bank Masters 18th"]
[Site "London"]
[Date "1994.08.26"]
[Round "7"]
[White "Mainka, Romuald"]
[Black "Poulton, James"]
[Result "1-0"]
[WhiteElo "2485"]
[BlackElo "2330"]
[PlyCount "87"]
[EventDate "1994.08.20"]
[EventType "swiss"]
[EventRounds "10"]
[EventCountry "ENG"]
[SourceTitle "BritBase"]

1. e4 e6 2. d4 d5 3. Nc3 Bb4 4. e5 c5 5. a3 Bxc3+ 6. bxc3 Ne7 7. Nf3 Bd7 8.
dxc5 Ba4 9. Rb1 Nd7 10. Bd3 Nxc5 11. O-O Qc7 12. Rb4 a6 13. Re1 Nxd3 14. Qxd3
Bb5 15. Qd2 Rc8 16. a4 Bc4 17. Qg5 a5 18. Rb1 Ba6 19. Ba3 Rg8 20. Qh5 h6 21.
Rb3 Qd7 22. Nd4 Rc4 23. Reb1 Rxa4 24. Bxe7 Kxe7 25. Qh4+ g5 26. Qxh6 Rc4 27.
Rb6 Rg6 28. Qh7 a4 29. Nf5+ exf5 30. Rxg6 Re4 31. Rf6 Qe8 32. Qg7 a3 33. Qxg5
Kd7 34. Qxf5+ Kd8 35. Rd6+ Kc7 36. Rxd5 a2 37. Ra1 Qa4 38. Qxf7+ Kb8 39. Rdd1
Bc4 40. Qf8+ Ka7 41. Qc5+ b6 42. Qc7+ Ka6 43. Qc8+ Ka5 44. Qa8+ 1-0

[Event "Lloyds Bank Masters 18th"]
[Site "London"]
[Date "1994.08.26"]
[Round "7"]
[White "McMahon, Daire"]
[Black "Turner, Matthew"]
[Result "1/2-1/2"]
[WhiteElo "2240"]
[BlackElo "2395"]
[PlyCount "160"]
[EventDate "1994.08.20"]
[EventType "swiss"]
[EventRounds "10"]
[EventCountry "ENG"]
[SourceTitle "BritBase"]

1. d4 Nf6 2. c4 g6 3. Nc3 Bg7 4. e4 d6 5. Be2 O-O 6. Bg5 c5 7. d5 b5 8. cxb5 a6
9. Nf3 axb5 10. Bxb5 h6 11. Bd2 Ba6 12. a4 Nbd7 13. O-O Qa5 14. Ra3 Bxb5 15.
Nxb5 Qb6 16. Qc2 Ng4 17. Bc3 Nge5 18. Nd2 f5 19. f4 Ng4 20. Nc4 Qb7 21. Bxg7
Kxg7 22. Rg3 Ngf6 23. exf5 Qxd5 24. Re1 Ng8 25. Qc3+ Ndf6 26. Nb6 Qxf5 27. Nxa8
Rxa8 28. Nc7 Rxa4 29. Ne6+ Kf7 30. Qb3 Rb4 31. Ng5+ Ke8 32. Qf7+ Kd7 33. Nh7
Re4 34. Ra1 Ra4 35. Nf8+ Kc6 36. Rd1 Qc2 37. Qb3 Qxb3 38. Rxb3 Rxf4 39. Nxg6
Rg4 40. Nf8 Nd5 41. Ne6 Ngf6 42. Ra1 Re4 43. Nd8+ Kd7 44. Nf7 Ke6 45. Nxh6 c4
46. Rf3 Nf4 47. Rd1 Nd3 48. b3 Ne5 49. Rh3 Nd5 50. bxc4 Rxc4 51. Rg3 Nf4 52.
Rd2 d5 53. Ng4 Rc1+ 54. Kf2 Nc4 55. Ra2 d4 56. Kf3 Nd5 57. Ra6+ Nd6 58. Nf2
Rc3+ 59. Ke2 Nf4+ 60. Kd2 Rxg3 61. hxg3 Nxg2 62. Ne4 Ne3 63. Nxd6 exd6 64. Ke2
Nf5 65. Ra3 Ke5 66. Kf3 d5 67. g4 Nh4+ 68. Kg3 Ng6 69. Kf3 Nh4+ 70. Ke2 Kf4 71.
Rd3 Kxg4 72. Rxd4+ Kg5 73. Rxd5+ Kg4 74. Ke3 Nf5+ 75. Ke4 Ng3+ 76. Ke5 Ne2 77.
Rd2 Kf3 78. Rd3+ Kg4 79. Re3 Ng3 80. Re1 Kf3 1/2-1/2

[Event "Lloyds Bank Masters 18th"]
[Site "London"]
[Date "1994.08.26"]
[Round "7"]
[White "Mestel, A Jonathan"]
[Black "Akesson, Ralf"]
[Result "0-1"]
[WhiteElo "2520"]
[BlackElo "2460"]
[PlyCount "58"]
[EventDate "1994.08.20"]
[EventType "swiss"]
[EventRounds "10"]
[EventCountry "ENG"]
[SourceTitle "BritBase"]

1. c4 e6 2. Nf3 Nf6 3. g3 b6 4. Bg2 Bb7 5. O-O Be7 6. b3 O-O 7. Bb2 c5 8. e3 a6
9. Qe2 Qc7 10. Nc3 Rd8 11. Rac1 d6 12. d4 Nbd7 13. Qd3 cxd4 14. exd4 Rac8 15.
d5 e5 16. a4 g6 17. Ng5 Nh5 18. h4 Rf8 19. Bh3 Rce8 20. Nce4 Nc5 21. Nxc5 bxc5
22. f4 exf4 23. Ne6 fxe6 24. Bxe6+ Rf7 25. Bxf7+ Kxf7 26. g4 Qd7 27. Qf3 Bf6
28. Bxf6 Re3 29. Qxe3 Qxg4+ 0-1

[Event "Lloyds Bank Masters 18th"]
[Site "London"]
[Date "1994.08.26"]
[Round "7"]
[White "Odeh, Kenneth"]
[Black "Harakis, Alexis"]
[Result "0-1"]
[WhiteElo "2005"]
[BlackElo "2210"]
[PlyCount "90"]
[EventDate "1994.08.20"]
[EventType "swiss"]
[EventRounds "10"]
[EventCountry "ENG"]
[SourceTitle "BritBase"]

1. e4 e6 2. Nf3 d5 3. e5 c5 4. d4 Nc6 5. c3 Bd7 6. Be3 Qc7 7. Be2 cxd4 8. cxd4
f6 9. Bf4 Nge7 10. Nc3 Ng6 11. Nb5 Qb6 12. Qd2 Bb4 13. Nc3 fxe5 14. dxe5 d4 15.
Rd1 Nxf4 16. Nxd4 Nxd4 17. Qxd4 Qxd4 18. Rxd4 Bxc3+ 19. bxc3 Nxe2 20. Kxe2 Bc6
21. f3 Ke7 22. Rhd1 Rad8 23. g3 Rxd4 24. cxd4 Rf8 25. f4 g5 26. Ke3 gxf4+ 27.
gxf4 Bd5 28. Rd2 Rg8 29. Rb2 Rg4 30. Rf2 b5 31. a3 Rg2 32. Rxg2 Bxg2 33. Kf2
Be4 34. Ke3 Bf5 35. Kd2 Kd7 36. Kc3 a5 37. Kb3 Kc6 38. Kc3 Kd5 39. h4 h5 40.
Kb2 Kxd4 41. Kb3 Bd3 42. a4 b4 43. Kb2 Ke4 44. Kc1 Kxf4 45. Kd2 Ke4 0-1

[Event "Lloyds Bank Masters 18th"]
[Site "London"]
[Date "1994.08.26"]
[Round "7"]
[White "Piper, Matthew"]
[Black "Pert, Richard G"]
[Result "1-0"]
[WhiteElo "2255"]
[BlackElo "2050"]
[PlyCount "103"]
[EventDate "1994.08.20"]
[EventType "swiss"]
[EventRounds "10"]
[EventCountry "ENG"]
[SourceTitle "BritBase"]

1. e4 c5 2. Nc3 Nc6 3. g3 g6 4. Bg2 Bg7 5. d3 d6 6. f4 Nf6 7. Nf3 Bg4 8. h3
Bxf3 9. Qxf3 Nd7 10. O-O O-O 11. f5 Nde5 12. Qf2 c4 13. Rd1 cxd3 14. cxd3 Nd4
15. Nd5 Nec6 16. Bg5 Be5 17. f6 e6 18. Ne7+ Kh8 19. Kh1 Re8 20. Rf1 Qd7 21.
Nxg6+ fxg6 22. f7 Bg7 23. fxe8=Q+ Rxe8 24. Qf7 Qxf7 25. Rxf7 Ne5 26. Rxb7 Nxd3
27. Rf1 Ne2 28. Kh2 Nxb2 29. Rxg7 Kxg7 30. Bf6+ Kg8 31. Bxb2 Rb8 32. Ba1 e5 33.
Rd1 Rb6 34. Rd2 Nc1 35. Bb2 Nxa2 36. Bxe5 dxe5 37. Rxa2 Rb7 38. Ra5 Re7 39. Bf1
Kg7 40. Kg2 Kf6 41. Kf3 Rb7 42. Ra6+ Ke7 43. Bc4 Rc7 44. Bd5 Rc3+ 45. Kg4 h5+
46. Kh4 g5+ 47. Kxg5 Rxg3+ 48. Kh4 Rd3 49. Rxa7+ Kd6 50. Rh7 Kc5 51. Rxh5 Kd4
52. Rg5 1-0

[Event "Lloyds Bank Masters 18th"]
[Site "London"]
[Date "1994.08.26"]
[Round "7"]
[White "Povah, Nigel E"]
[Black "Lodhi, Mahmood"]
[Result "0-1"]
[WhiteElo "2370"]
[BlackElo "2450"]
[PlyCount "106"]
[EventDate "1994.08.20"]
[EventType "swiss"]
[EventRounds "10"]
[EventCountry "ENG"]
[SourceTitle "BritBase"]

1. d4 Nf6 2. c4 e6 3. Nf3 c5 4. d5 b5 5. Bg5 Qa5+ 6. Nc3 Ne4 7. Bd2 Nxd2 8.
Qxd2 b4 9. Ne4 f5 10. Ng3 g6 11. e4 Bg7 12. exf5 exf5 13. Qe3+ Kd8 14. Qd2 Re8+
15. Be2 f4 16. Qxf4 b3+ 17. Qd2 Qxd2+ 18. Kxd2 bxa2 19. Rxa2 d6 20. Rha1 a6 21.
h3 Nd7 22. Bd3 Rb8 23. Kc2 Ne5 24. Nxe5 Bxe5 25. Ne2 Re7 26. Rf1 Reb7 27. Nc3
Rf7 28. f4 Rxf4 29. Rxf4 Bxf4 30. Ra1 Be5 31. Rf1 Ke7 32. b3 Bd7 33. Ne4 a5 34.
Nc3 Rb4 35. Na2 Rb8 36. Nc3 Be8 37. Re1 Bd7 38. Rf1 a4 39. bxa4 Rb4 40. Ra1
Bxc3 41. Kxc3 Bxa4 42. Rb1 Rxb1 43. Bxb1 Kf6 44. Kd2 Kg5 45. Ke3 Bd7 46. Bd3
Bf5 47. Bf1 h5 48. Kf3 h4 49. Ke3 Kf6 50. Be2 Ke5 51. Bf3 Bb1 52. Be2 Be4 53.
Bf1 g5 0-1

[Event "Lloyds Bank Masters 18th"]
[Site "London"]
[Date "1994.08.26"]
[Round "7"]
[White "Quinn, Mark"]
[Black "Pert, Nicholas"]
[Result "1/2-1/2"]
[WhiteElo "2305"]
[BlackElo "2105"]
[PlyCount "55"]
[EventDate "1994.08.20"]
[EventType "swiss"]
[EventRounds "10"]
[EventCountry "ENG"]
[SourceTitle "BritBase"]

1. c4 e6 2. Nf3 Nf6 3. g3 b6 4. Bg2 Bb7 5. O-O Be7 6. b3 O-O 7. Bb2 c5 8. d4 d5
9. cxd5 Nxd5 10. Nbd2 cxd4 11. Nxd4 Nc6 12. Nxc6 Bxc6 13. Ne4 Rc8 14. Rc1 f5
15. Nd2 Bf6 16. Nc4 Bxb2 17. Nxb2 Qf6 18. Qd2 Rfd8 19. Rfd1 f4 20. Nd3 fxg3 21.
hxg3 Ne7 22. Bxc6 Rxc6 23. Rxc6 Nxc6 24. Qe3 Nb4 25. Rd2 Nd5 26. Qe4 Rc8 27.
Kg2 h6 28. Qe5 1/2-1/2

[Event "Lloyds Bank Masters 18th"]
[Site "London"]
[Date "1994.08.26"]
[Round "7"]
[White "Regan, Natasha"]
[Black "Hodgson, John H"]
[Result "1/2-1/2"]
[WhiteElo "2115"]
[BlackElo "2250"]
[PlyCount "109"]
[EventDate "1994.08.20"]
[EventType "swiss"]
[EventRounds "10"]
[EventCountry "ENG"]
[SourceTitle "BritBase"]

1. e4 c5 2. d4 cxd4 3. c3 dxc3 4. Nxc3 Nc6 5. Nf3 d6 6. Bc4 a6 7. O-O Nf6 8.
Qe2 Bg4 9. Rd1 e6 10. Bf4 Nh5 11. Be3 Qf6 12. e5 Bxf3 13. exf6 Bxe2 14. fxg7
Nxg7 15. Bxe2 Nf5 16. Bb6 d5 17. Bg4 Nd6 18. Rxd5 Nc4 19. Bd4 Rg8 20. Bxe6 fxe6
21. Re1 Be7 22. Rxe6 Rd8 23. Bc5 Kf7 24. Re4 Rxd5 25. Nxd5 Bxc5 26. Rxc4 Bd6
27. g3 Ne5 28. Rc3 Ke6 29. Ne3 Rg7 30. f4 Nf3+ 31. Kg2 Nh4+ 32. Kf2 Nf5 33. Nc4
Rc7 34. g4 Bc5+ 35. Kf3 Nd4+ 36. Ke4 Nb5 37. f5+ Kf6 38. Rh3 Nd6+ 39. Nxd6 Re7+
40. Kd5 Re5+ 41. Kc4 b5+ 42. Nxb5 axb5+ 43. Kxb5 Ba3+ 44. Kc6 Bxb2 45. Rxh7 Ra5
46. Rh6+ Kf7 47. Re6 Rxa2 48. Re2 Ra6+ 49. Kb7 Ra4 50. Rxb2 Rxg4 51. Kc6 Kf6
52. Rf2 Rg5 53. h4 Rxf5 54. Rh2 Kg6 55. Kd6 1/2-1/2